| 000 | 00635cam a2200205 4500 | ||
|---|---|---|---|
| 001 | WB3714-19 | ||
| 008 | 000000n2001 000 0 eng u | ||
| 035 | _a(Sirsi) u111818 | ||
| 245 | _aWhen going private can help the public | ||
| 260 | _c2001 | ||
| 490 |
_aScotsman _v 3 April 2001, 5(2) |
||
| 520 | _aStudies the role of PFI in helping to fund government schemes and services. | ||
| 590 | _aWB | ||
| 650 | _aPUBLIC PRIVATE PARTNERSHIPS | ||
| 650 | _aPRIVATE FINANCE INITIATIVE | ||
| 650 | _aGOVERNMENT FUNDING | ||
| 650 | _aPRIVATE FUNDING | ||
| 690 | _aMANAGEMENT-BUSINESS MANAGEMENT-FINANCIAL MANAGEMENT | ||
| 942 | _n0 | ||
| 999 |
_c66626 _d66626 |
||